Строительно-монтажные работы по капитальному ремонту основных фондов (на примере предприятий химической промышленности БССР)

Detaylı Bibliyografya
Yazar: Шлыков А. Е. Александр Ермолаевич
Dil:Rusça
Baskı/Yayın Bilgisi: Минск, Наука и техника, 1978
Konular:
Materyal Türü: Kitap
KOHA link:https://koha.lib.tpu.ru/cgi-bin/koha/opac-detail.pl?biblionumber=126299

MARC

LEADER 00000nam0a2200000 4500
001 126299
005 20231031131824.0
035 |a (RuTPU)RU\TPU\book\136634 
090 |a 126299 
100 |a 20071126d1978 k y0rusy50 ca 
101 0 |a rus 
102 |a BY 
105 |a y z 000zy 
200 1 |a Строительно-монтажные работы по капитальному ремонту основных фондов (на примере предприятий химической промышленности БССР)  |f А. Е. Шлыков 
210 |a Минск  |c Наука и техника  |d 1978 
215 |a 176 с. 
610 1 |a химические заводы 
610 1 |a оборудование 
610 1 |a капитальный ремонт 
610 1 |a технико-экономические показатели 
610 1 |a основные фонды 
610 1 |a износ 
610 1 |a восстановление 
610 1 |a экономическая эффективность 
675 |a 621.797  |v 3 
700 1 |a Шлыков  |b А. Е.  |g Александр Ермолаевич 
801 1 |a RU  |b 63413507  |c 20071126  |g PSBO 
801 2 |a RU  |b 63413507  |c 20080526  |g PSBO 
942 |c BK